Quel che resta del sogno /

Salvato in:
Dettagli Bibliografici
Autore principale: Sudō, Yumi (Autore)
Altri autori: Lippi, Federica (Traduttore)
Natura: Libro
Lingua:italiano
Pubblicazione: Reggio Emilia : Dynit Manga, 2021
Serie:Dynit showcase ; 77
Tags: Aggiungi Tag
Nessun Tag, puoi essere il primo ad aggiungerne!!

MARC

LEADER 00000nam a22000007i 4500
001 IT\ICCU\PCM\0027835
003 ItRI
005 20260115232058.0
008 220223s2021 it |||||| ||||| |||||c
020 |a 9788833551852 
040 |b ita  |c importazione bologna sebina 
041 7 |a ita  |2 ISO-639-2 
100 1 |a Sudō, Yumi  |0 IT\ICCU\PCMV\006322  |4 aut 
240 1 0 |a Yume no hashibashi  |3 IT\ICCU\PCM\0027836  |9 Sudō, Yumi 
245 1 0 |a Quel che resta del sogno /  |c Yumi Sudō ; traduzione dal giapponese di Federica Lippi. 
260 |a Reggio Emilia :  |b Dynit Manga,  |c 2021 
300 |a 1 v. (senza paginazione) :  |b fumetti, ill. ;  |c 24 cm 
500 |a Contiene: Vol.1 e Vol.2 
700 1 |a Lippi, Federica  |0 IT\ICCU\CAGV\700443  |4 trl 
830 0 |a Dynit showcase ;  |v 77  |0 IT\ICCU\MOD\1682803 
942 |2 ddc  |c BK  |n 0 
952 |0 0  |1 0  |4 0  |6 F_741_595000000000000_SUD  |7 0  |9 19654  |a BO  |b BO  |d 2026-01-15  |i 19570  |l 0  |o F 741.595 SUD  |p BO19570  |r 2026-01-15 23:20:58  |w 2026-01-15  |x [Sebina 5] [1 v.]  |y BK  |z 1 v, 
999 |c 16754  |d 16754